| 000 | 00000nam##2200000za#4500 |
| 001 | 9.690546 |
| 003 | CaOODSP |
| 005 | 20210624232356 |
| 007 | cr ||||||||||| |
| 008 | 150407|2007||||xxc|||||o f|0| 0 eng|d |
| 020 | |a978-0-662-47546-0 |
| 040 | |aCaOODSP|beng |
| 043 | |an-cn--- |
| 086 | 1 |aH164-64/2007E-PDF |
| 110 | 1 |aCanada. |bHealth Canada. |bNatural Health Products Directorate. |
| 245 | 10|aApplication for international trade certificate for natural health products |h[electronic resource] |
| 250 | |aVersion 2.0 |
| 260 | |aOttawa - Ontario : |bHealth Canada. |cNovember 2007. |
| 300 | |a31p. |
| 590 | |a12-42-Supp|b2012-11-21 |
| 690 | 07|aHealth care products|2gcpds |
| 775 | 08|tDemande de certificat de commerce international pour les produits de santé naturels |w(CaOODSP)9.634901 |
| 856 | 40|ahttp://publications.gc.ca|qPDF|s187 KB|uhttps://publications.gc.ca/collections/collection_2012/sc-hc/H164-64-2007-eng.pdf |